| 000 | 00000nam##2200000za#4500 |
| 001 | 9.688127 |
| 003 | CaOODSP |
| 005 | 20210624231301 |
| 007 | cr ||||||||||| |
| 008 | 150407|2006||||xxc|||||o f|0| 0 eng|d |
| 020 | |a0-662-42685-1 |
| 040 | |aCaOODSP|beng |
| 043 | |an-cn--- |
| 086 | 1 |aHS28-44/2006E-PDF |
| 110 | 1 |aCanada.|bHuman Resources and Skills Development Canada. |bStrategic Policy and Planning. |
| 245 | 10|aFormative evaluation of the Canada Student Loans Program - final report |h[electronic resource] |
| 260 | |aOttawa - Ontario : |bHuman Resources and Skills Development Canada. |c2006. |
| 590 | |a13-08-Supp|b2013-04-02 |
| 690 | 07|aStudent loans|2gcpds |
| 775 | 08|tÉvaluation formative du Programme canadien de prêts aux étudiants - rapport final |w(CaOODSP)9.632560 |
| 856 | 40|ahttp://publications.gc.ca|qPDF|s524 KB|uhttps://publications.gc.ca/collections/collection_2013/rhdcc-hrsdc/HS28-44-2006-eng.pdf |
| 986 | |aSP-AH-671-10-04E |